000 00310nam a22001337a 4500
008 170825b xxu||||| |||| 00| 0 eng d
020 _a9780205175291
041 _aeng
080 _a070
100 _a39
101 _aMED
245 _aFOUNDATIONS OF INTERCULTURAL COMMUNICATION
_cCHEN,G.M
942 _2udc
_cBK
999 _c25110
_d25110